Normal view
MARC view
- Kamran
Entry Personal Name
001 - CONTROL NUMBER
- control field: 48057
003 - CONTROL NUMBER IDENTIFIER
- control field: NUST
005 - DATE AND TIME OF LATEST TRANSACTION
- control field: 20210314133947.0
008 - FIXED-LENGTH DATA ELEMENTS
- fixed length control field: 210314|| aca||aabn | a|a d
040 ## - CATALOGING SOURCE
- Original cataloging agency: NUST
- Transcribing agency: NUST
100 ## - HEADING--PERSONAL NAME
- Personal name: Kamran
670 ## - SOURCE DATA FOUND
- Source citation: Work cat.: (NUST): Imran Syn#10 48056, Use of polymer / additives in design of flexible pavement to improve strength (to avoid rutting), 2006
